| 000 | 00867nam a22003137a 4500 | ||
|---|---|---|---|
| 001 | 0000153 | ||
| 003 | KOHA_MİRAKIL | ||
| 005 | 20260207001201.0 | ||
| 007 | ta | ||
| 008 | 081212b2008 tu |||gr||||#||||0|tur | | ||
| 020 |
_a9789944711173 _c30,19 |
||
| 040 |
_aTR-BiSEU _btur _cTR-BiSEU _erda |
||
| 041 | 0 | _atur | |
| 044 | _ctu | ||
| 050 |
_aT385 _b.S26 2008 |
||
| 100 | 1 | _aSancar, Melih . | |
| 245 | 1 |
_aIllustrator CS3/ _cMelih Sancar ; Melih Sancar. |
|
| 264 | 1 |
_aİstanbul : _bPusula _c2008 |
|
| 300 |
_a311 sayfa + _e1 CD-ROM |
||
| 336 |
_ametin _btxt _2rdacontent |
||
| 337 |
_aaracısız _bn _2rdamedia |
||
| 338 |
_acilt _bnc _2rdacarrier |
||
| 490 | 1 |
_aPsula ; _v185. |
|
| 650 | 0 |
_aGenel Konular. _91504 |
|
| 650 | 0 |
_aÖzel bilgisayar yöntemleri. _91919 |
|
| 650 | 0 |
_aBilgisayar grafiği. _91916 |
|
| 830 | 1 |
_aPsula ; _v185. _91920 |
|
| 942 |
_2lcc _cBK |
||
| 999 |
_c154 _d154 |
||